Runner-Up Countries by Category - Statistics

General Stats
  • This quiz has been taken 9 times
  • The average score is 13 of 31
Answer Stats
Hint Extra Hint Answer % Correct
Population density (excluding Macau) Highest: Monaco Singapore
100%
Film production Highest: India USA
100%
Northernmost point Highest: Denmark (Greenland) Canada
71%
Total GDP Highest: USA China
71%
Number of Nobel prize winners Highest: USA UK
71%
Total number of Portuguese speakers Highest: Brazil Angola
57%
Southernmost point Highest (lowest point): Chile Argentina
57%
Total number of overseas territories Highest: UK France
57%
Cocoa production Highest: Côte d’Ivoire Ghana
57%
Average temperature Highest: Burkina Faso Mali
57%
Most snake species Highest: Mexico Brazil
43%
Cheese production Highest: USA Germany
43%
Number of Michelin Star restaurants Highest: France Japan
43%
Total number of Catholics Highest: Brazil Mexico
43%
Human Freedom Index Highest: Switzerland New Zealand
43%
Oil production Highest: USA Saudi Arabia
43%
Life expectancy Highest: Japan South Korea
43%
Tourism Highest: France Spain
43%
Most UNESCO World Heritage Sites Highest: Italy China
29%
Total number of French speakers Highest: France D.R. Congo
29%
Steel production Highest: China India
29%
Fish production Highest: China Indonesia
29%
Wine consumption per capita Highest: France Portugal
29%
Beer consumption per capita Highest: Czech Republic Austria
14%
Most-guessed on Countries of the World quiz Highest: USA Canada
14%
Murder rate Highest: Jamaica Ecuador
14%
Biodiversity Highest: Brazil Indonesia
14%
Tea consumption per capita Highest: Türkiye Ireland
14%
Female to male ratio Highest: Djibouti Russia
14%
Tiger population Highest: India Russia
14%
Total number of Spanish speakers Highest: Mexico USA
14%
No matching quizzes found
Score Distribution
Percent of People with Each Score
Percentile by Number Answered
Your Score History
You have not taken this quiz